Statystyki dla Renifery Świętego Mikołaja

Kliknij tutaj aby rozwiązać quiz!

Ogólne statystyki

  • Ten quiz został rozwiązany 1 139 razy
  • Średni wynik to 2 z 9

Statystyki odpowiedzi

Renifer% Poprawnych
Rudolf
99%
Kometek
15%
Amorek
14%
Fircyk
14%
Pyszałek
13%
Tancerz
13%
Profesorek
12%
Złośnik
12%
Błyskawiczny
11%

Rozkład punktacji

Percentyl według liczby udzielonych odpowiedzi

Procent ludzi z każdym wynikiem

Twoja historia wyników

Nie rozwiązałeś tego quizu